Novela zákona o cestovných náhradách

Pokračovanie článku z HN č. 231/02 o cestovných náhradách. Použitie služobného automobilu. Prevádzka automobilu prideleného na služobné, ako aj súkromné používanie. Započítavanie ďalších výdavkov. Evidencia o jazdách. Pokračovanie v ďalšom čísle.

Saved in:
Bibliographic Details
Main Author: Balažovič, Viktor
Format: Book Chapter
Language:Slovak
Subjects:
Tags: Add Tag
No Tags, Be the first to tag this record!

MARC

LEADER 00000naa a2200000 4500
001 r047206
005 20230925130436.6
041 0 |a slo 
044 |a SK 
245 1 0 |a Novela zákona o cestovných náhradách  |c Viktor Balažovič 
520 |a Pokračovanie článku z HN č. 231/02 o cestovných náhradách. Použitie služobného automobilu. Prevádzka automobilu prideleného na služobné, ako aj súkromné používanie. Započítavanie ďalších výdavkov. Evidencia o jazdách. Pokračovanie v ďalšom čísle. 
610 2 0 |a náhrada cestovného 
610 2 0 |a cesty pracovné 
610 2 0 |a zamestnanci 
610 2 0 |a zamestnávatelia 
610 2 0 |a novelizácia 
610 2 0 |a automobily osobné 
100 1 |a Balažovič, Viktor